| 000 | 00794nac a22002291u 4500 | ||
|---|---|---|---|
| 010 | _a 2006286366 | ||
| 020 | _a1418835935 (student ed.) | ||
| 020 | _a1418836508 : | ||
| 082 | 0 | 0 |
_a005.74 _bROB |
| 090 |
_c5139 _d5139 |
||
| 100 | _aRob, Peter. | ||
| 245 | 1 | 0 |
_aDatabase systems : _bdesign, implementation, and management / _cPeter Rob, Carlos Coronel. |
| 250 | _a7th ed. | ||
| 260 |
_aBoston, Mass. : _bThomson/Course Technology,c2007. _cc2007. |
||
| 300 |
_axxvii, 668 p. : _bill. ; _c29 cm. |
||
| 500 | _aIncludes index. | ||
| 650 | 0 | _aDatabase design. | |
| 650 | 0 | _aDatabase management. | |
| 700 | 1 | _aCoronel, Carlos. | |
| 856 | 4 | 1 |
_3Table of contents only _uhttp://www.loc.gov/catdir/toc/fy0704/2006286366.html |
| 942 |
_cBB _k005.74ROB |
||
| 999 |
_c5139 _d5139 |
||